000 00656nam a2200277Ia 4500
005 20260324144921.0
008 008 260324s9999 xx 000 0 eng d
020 _a9781003558255
037 _aEBOOK
040 _aCRL
040 _beng
040 _cCRL
041 _2eng
041 _aeng
084 _qCRL
100 _aI. W. Mabbett
_91221078
245 0 _aPatterns of Kingship and Authority in Traditional Asia
260 _bTaylor and Francis
260 _c1985
365 _a
365 _b145
856 _uhttp://www.taylorfrancis.com/books/9781003558255
942 _cEBOOK
999 _c1828300
_d1828300